10 Largest Islands - Statistics

General Stats
  • This quiz has been taken 54 times
  • The average score is 7 of 10
Answer Stats
Square Miles Country Answer % Correct
822,700 Territory of Denmark Greenland
98%
226,658 Madagascar Madagascar
88%
80,823 United Kingdom Great Britain
84%
288,869 Indonesia, Malaysia, Brunei Borneo
74%
87,200 Japan Honshu
68%
303,381 Indonesia and Papua New Guinea New Guinea
66%
171,068 Indonesia Sumatra
60%
195,928 Canada Baffin Island
54%
75,767 Canada Ellesmere
36%
83,897 Canada Victoria Island
32%
No matching quizzes found
Score Distribution
Percent of People with Each Score
Percentile by Number Answered
Your Score History
You have not taken this quiz